[Event "Florianopolis Winter op 5th"]
[Site "Florianopolis"]
[Date "2019.09.01"]
[Round "6"]
[White "Ferreira, Pedro Araujo"]
[Black "Cezar, Ricardo de Almeida"]
[Result "1-0"]
[WhiteElo "1968"]
[BlackElo "1718"]
[PlyCount "77"]
[EventDate "2019.08.30"]
[EventType "swiss"]
[EventRounds "7"]
[EventCountry "BRA"]
[SourceTitle "EXT 2020"]
[Source "ChessBase"]
[SourceDate "2019.10.17"]
[SourceVersion "1"]
[SourceVersionDate "2019.10.17"]
[SourceQuality "1"]

1. d4 d5 2. Nf3 Nf6 3. e3 c5 4. b3 Nc6 5. Bb2 Bg4 6. Be2 e6 7. 0-0 Be7 8. Nbd2 0-0 9. Ne5 Bf5 10. f4 Nxe5 11. dxe5 Ne4 12. Nxe4 Bxe4 13. Bd3 Qb6 14. Bxe4 dxe4 15. Qe2 Rfd8 16. Rfd1 c4 17. Bd4 Bc5 18. Qxc4 Rac8 19. Bxc5 Rxd1+ 20. Rxd1 Rxc5 21. Qxc5 Qxc5 22. Rd8+ Qf8 23. Rxf8+ Kxf8 24. Kf2 f5 25. c4 b6 26. Ke2 Ke7 27. Kd2 Kd7 28. Kc3 a5 29. b4 Kc6 30. Kb3 h6 31. h3 g5 32. g3 g4 33. h4 h5 34. Ka4 axb4 35. Kxb4 Kc7 36. Kb5 Kb7 37. c5 bxc5 38. Kxc5 Kc7 39. a4 1-0

[Event "BRA-ch U26"]
[Site "Goiania"]
[Date "2017.10.20"]
[Round "2"]
[White "Muniz, Francisco Allysson"]
[Black "Ferreira, Pedro Araujo"]
[Result "1/2-1/2"]
[WhiteElo "2061"]
[BlackElo "1963"]
[PlyCount "73"]
[EventDate "2017.10.19"]
[EventType "swiss"]
[EventRounds "7"]
[EventCountry "BRA"]
[SourceTitle "CBM 181 Extra"]
[Source "ChessBase"]
[SourceDate "2017.12.12"]
[SourceVersion "1"]
[SourceVersionDate "2017.12.12"]
[SourceQuality "1"]

1. d4 d5 2. c4 c6 3. cxd5 cxd5 4. Nc3 Nc6 5. Nf3 Nf6 6. Bf4 e6 7. e3 a6 8. Bd3 Be7 9. Rc1 0-0 10. h3 Bd7 11. 0-0 Rc8 12. Ne5 Be8 13. Bb1 Nd7 14. Nxc6 Rxc6 15. e4 Nf6 16. e5 Nd7 17. Qb3 Qb6 18. Qc2 f5 19. Be3 Bg6 20. Qd2 Qc7 21. Ne2 Nb6 22. b3 Rc8 23. Rxc6 Qxc6 24. Rc1 Qd7 25. f4 Rxc1+ 26. Qxc1 Nc8 27. Bd3 Na7 28. Bd2 Be8 29. a3 Qc6 30. b4 Qxc1+ 31. Nxc1 Bb5 32. Bc3 Ba4 33. Kf2 a5 34. Ke3 axb4 35. axb4 Nc6 36. b5 Na7 37. g4 1/2-1/2

[Event "Belem op 2nd"]
[Site "Belem"]
[Date "2017.07.09"]
[Round "6"]
[White "Leao, Flavio Sanchez"]
[Black "Ferreira, Pedro Araujo"]
[Result "0-1"]
[WhiteElo "1814"]
[BlackElo "1969"]
[PlyCount "28"]
[EventDate "2017.07.07"]
[EventType "swiss"]
[EventRounds "6"]
[EventCountry "BRA"]
[SourceTitle "EXT 2018"]
[Source "ChessBase"]
[SourceDate "2017.10.13"]
[SourceVersion "1"]
[SourceVersionDate "2017.10.13"]
[SourceQuality "1"]

1. e4 c6 2. d4 d5 3. Nc3 dxe4 4. Nxe4 Nf6 5. Ng3 Bg4 6. Be2 Bxe2 7. N1xe2 e6 8. 0-0 c5 9. Bg5 Nbd7 10. Re1 Be7 11. Nf4 cxd4 12. Qxd4 Qb6 13. Qxb6 Nxb6 14. Nfh5 Nxh5 0-1

[Event "Belem FEXPA op 1st"]
[Site "Belem"]
[Date "2017.02.04"]
[Round "4"]
[White "Ribeiro, Carlos Henrique Cal"]
[Black "Ferreira, Pedro Araujo"]
[Result "0-1"]
[WhiteElo "1803"]
[BlackElo "1994"]
[PlyCount "64"]
[EventDate "2017.02.03"]
[EventType "swiss"]
[EventRounds "6"]
[EventCountry "BRA"]
[SourceTitle "CBM 176 Extra"]
[Source "ChessBase"]
[SourceDate "2017.03.02"]
[SourceVersion "1"]
[SourceVersionDate "2017.03.02"]
[SourceQuality "1"]

1. c4 f5 2. g3 Nf6 3. Bg2 e6 4. Nc3 Be7 5. e3 0-0 6. Nge2 d5 7. cxd5 exd5 8. d4 c6 9. 0-0 Be6 10. a3 Nbd7 11. b4 Ne4 12. Nxe4 fxe4 13. Nf4 Bf7 14. Bh3 Nf6 15. Ne6 Bxe6 16. Bxe6+ Kh8 17. Bd2 Bd6 18. Qe2 Qe7 19. Bh3 h6 20. f4 exf3 21. Rxf3 Ne4 22. Raf1 Rxf3 23. Rxf3 Ng5 24. Bg2 Nxf3+ 25. Bxf3 Rf8 26. Bg2 a6 27. Qd3 Qf6 28. Be1 Qe6 29. Bd2 Be7 30. e4 dxe4 31. Bxe4 Rd8 32. Bf4 Bf6 0-1

[Event "Belem FEXPA op 1st"]
[Site "Belem"]
[Date "2017.02.03"]
[Round "1"]
[White "Alves, Josue Pires"]
[Black "Ferreira, Pedro Araujo"]
[Result "0-1"]
[WhiteElo "1813"]
[BlackElo "1994"]
[PlyCount "80"]
[EventDate "2017.02.03"]
[EventType "swiss"]
[EventRounds "6"]
[EventCountry "BRA"]
[SourceTitle "CBM 176 Extra"]
[Source "ChessBase"]
[SourceDate "2017.03.02"]
[SourceVersion "1"]
[SourceVersionDate "2017.03.02"]
[SourceQuality "1"]

1. e4 c6 2. d4 d5 3. exd5 cxd5 4. c4 Nf6 5. cxd5 Nxd5 6. Nf3 Nc6 7. Nc3 a6 8. Bc4 Nxc3 9. bxc3 e6 10. a4 Be7 11. 0-0 0-0 12. Bf4 Bd6 13. Bxd6 Qxd6 14. Re1 Rd8 15. Ne5 Qc7 16. Nxc6 Qxc6 17. Qd3 b6 18. d5 Qc7 19. Rad1 Bb7 20. d6 Qc6 21. f3 Qxa4 22. Ra1 Qc6 23. Bxa6 Bxa6 24. Rxa6 Rxa6 25. Qxa6 Rxd6 26. c4 g6 27. Qa2 Qc5+ 28. Kh1 Rd4 29. Qa8+ Kg7 30. Qa1 Kh6 31. Qc1+ g5 32. Re4 Rxe4 33. fxe4 b5 34. h4 bxc4 35. hxg5+ Kg6 36. Qc3 e5 37. Qf3 Qd6 38. Qf5+ Kg7 39. Qf3 h6 40. Qg3 hxg5 0-1

[Event "Paraense-ch"]
[Site "Parauapebas"]
[Date "2016.10.30"]
[Round "6.7"]
[White "Assuncao, Darlane Brito"]
[Black "Ferreira, Pedro Araujo"]
[Result "1-0"]
[WhiteElo "1798"]
[BlackElo "2046"]
[PlyCount "60"]
[EventDate "2016.10.28"]
[EventType "swiss"]
[EventRounds "6"]
[EventCountry "BRA"]
[SourceTitle "EXT 2022"]
[Source "ChessBase"]
[SourceDate "2021.10.06"]
[SourceVersion "1"]
[SourceVersionDate "2021.10.06"]
[SourceQuality "1"]

1. Nf3 f5 2. d4 Nf6 3. Bf4 e6 4. e3 Be7 5. Bd3 0-0 6. c4 d6 7. h3 a5 8. Nc3 Nc6 9. a3 Nh5 10. Bh2 f4 11. Nd2 fxe3 12. Bxh7+ Kxh7 13. Qxh5+ Kg8 14. fxe3 Rf5 15. Qe2 e5 16. d5 Bd7 17. dxc6 Bxc6 18. Nd5 b5 19. Nxe7+ Qxe7 20. cxb5 Bb7 21. e4 Rf7 22. 0-0-0 c6 23. bxc6 Bxc6 24. Qc4 Rc8 25. Kb1 Bd7 26. Qb3 Ba4 27. Qd5 Kh8 28. Rhf1 Rff8 29. Rxf8+ Qxf8 30. Nc4 Qf2 1-0

[Event "BRA-ch U26"]
[Site "Uberlandia"]
[Date "2015.10.17"]
[Round "4"]
[White "Ferreira, Pedro Araujo"]
[Black "Rocha, Vitor Firmo de Souz"]
[Result "1/2-1/2"]
[WhiteElo "1897"]
[BlackElo "2133"]
[PlyCount "44"]
[EventDate "2015.10.15"]
[EventType "swiss"]
[EventRounds "7"]
[EventCountry "BRA"]
[SourceTitle "CBM 168 Extra"]
[Source "ChessBase"]
[SourceDate "2015.10.29"]
[SourceVersion "1"]
[SourceVersionDate "2015.10.29"]
[SourceQuality "1"]

1. d4 d5 2. Nf3 e6 3. e3 Nf6 4. Bd3 c5 5. b3 Nc6 6. 0-0 Be7 7. Bb2 cxd4 8. exd4 0-0 9. a3 a5 10. Nbd2 b6 11. Ne5 Qc7 12. Rc1 Ba6 13. Qe2 Nb8 14. Rfe1 Bxd3 15. cxd3 Qb7 16. f4 g6 17. g4 Nbd7 18. f5 Rae8 19. fxe6 fxe6 20. Nxd7 Nxd7 21. Qxe6+ Kg7 22. Qc6 Qxc6 1/2-1/2

[Event "Belem Velha op 3rd"]
[Site "Belem"]
[Date "2015.05.03"]
[Round "6"]
[White "Ferreira, Pedro Araujo"]
[Black "Miranda, Luiz Paula"]
[Result "1/2-1/2"]
[WhiteElo "1943"]
[BlackElo "1842"]
[PlyCount "30"]
[EventDate "2015.04.30"]
[EventType "swiss"]
[EventRounds "7"]
[EventCountry "BRA"]
[SourceTitle "CBM 166 Extra"]
[Source "ChessBase"]
[SourceDate "2015.06.18"]
[SourceVersion "1"]
[SourceVersionDate "2015.06.18"]
[SourceQuality "1"]

1. e4 c5 2. Nf3 d6 3. d4 cxd4 4. Nxd4 Nf6 5. Nc3 a6 6. Be2 e6 7. g4 h6 8. Be3 b5 9. a3 Bb7 10. f3 e5 11. Nf5 d5 12. exd5 Nxd5 13. Nxd5 Bxd5 14. Qd2 Nc6 15. 0-0-0 Bc5 1/2-1/2

[Event "Belem Velha op 3rd"]
[Site "Belem"]
[Date "2015.05.01"]
[Round "3"]
[White "Ferreira, Pedro Araujo"]
[Black "Silva, Valdecir Batista"]
[Result "0-1"]
[WhiteElo "1943"]
[BlackElo "1753"]
[PlyCount "69"]
[EventDate "2015.04.30"]
[EventType "swiss"]
[EventRounds "7"]
[EventCountry "BRA"]
[SourceTitle "CBM 166 Extra"]
[Source "ChessBase"]
[SourceDate "2015.06.18"]
[SourceVersion "1"]
[SourceVersionDate "2015.06.18"]
[SourceQuality "1"]

1. e4 d6 2. d4 Nf6 3. Nc3 g6 4. f3 Bg7 5. Bc4 0-0 6. Nge2 c6 7. 0-0 h6 8. Be3 a5 9. a4 Bd7 10. Qd2 Kh7 11. Bd3 Ng8 12. Ng3 Na6 13. f4 Nb4 14. f5 Nxd3 15. Qxd3 e6 16. fxg6+ fxg6 17. b3 Qe7 18. Nce2 e5 19. Rad1 Bg4 20. d5 c5 21. Qb5 Qc7 22. Rxf8 Rxf8 23. Rf1 Rxf1+ 24. Kxf1 Nf6 25. h3 Bd7 26. Qc4 Qb8 27. Nc3 Qf8 28. Kg1 Qc8 29. Kh2 Qe8 30. Bd2 g5 31. Qf1 g4 32. Nf5 gxh3 33. gxh3 Qh5 34. Nxd6 Ng4+ 35. Kg2 0-1

[Event "Belem Velha op 3rd"]
[Site "Belem"]
[Date "2015.04.30"]
[Round "1"]
[White "Ferreira, Pedro Araujo"]
[Black "Vianna, Valderi Correa"]
[Result "1-0"]
[WhiteElo "1943"]
[BlackElo "1800"]
[PlyCount "93"]
[EventDate "2015.04.30"]
[EventType "swiss"]
[EventRounds "7"]
[EventCountry "BRA"]
[SourceTitle "CBM 166 Extra"]
[Source "ChessBase"]
[SourceDate "2015.06.18"]
[SourceVersion "1"]
[SourceVersionDate "2015.06.18"]
[SourceQuality "1"]

1. e4 e5 2. Nf3 d6 3. d4 Bg4 4. dxe5 Bxf3 5. Qxf3 dxe5 6. Bc4 Qf6 7. Qb3 b6 8. 0-0 Nh6 9. Nc3 c6 10. Be3 Be7 11. f4 Bc5 12. Bxc5 bxc5 13. Qb7 0-0 14. Qxa8 exf4 15. Rad1 Nd7 16. Qxa7 Ne5 17. Qxc5 Rb8 18. Bb3 Kh8 19. Qd6 Rg8 20. Qxf6 gxf6 21. Rxf4 Nhg4 22. Re1 Rf8 23. h3 h5 24. hxg4 hxg4 25. Rxf6 Kg7 26. Ref1 g3 27. Rxf7+ Nxf7 28. Rxf7+ Rxf7 29. Bxf7 Kxf7 30. Kf1 Ke6 31. Ke2 Ke5 32. Kf3 Kf6 33. a4 Ke5 34. a5 Kd6 35. e5+ Kxe5 36. a6 Kd6 37. a7 Kc5 38. a8Q Kb6 39. Qb8+ Kc5 40. Qa7+ Kd6 41. Ne4+ Ke6 42. Qc5 Kd7 43. Qd6+ Kc8 44. Qe7 Kb8 45. Nc5 Kc8 46. Qd7+ Kb8 47. Qb7# 1-0

[Event "Belem Velha op 2nd"]
[Site "Belem"]
[Date "2015.02.13"]
[Round "1"]
[White "Ferreira, Pedro Araujo"]
[Black "Assuncao, Darlane Brito"]
[Result "1-0"]
[WhiteElo "1945"]
[BlackElo "1773"]
[PlyCount "128"]
[EventDate "2015.02.13"]
[EventType "swiss"]
[EventRounds "9"]
[EventCountry "BRA"]
[SourceTitle "CBM 164 Extra"]
[Source "ChessBase"]
[SourceDate "2015.03.02"]
[SourceVersion "1"]
[SourceVersionDate "2015.03.02"]
[SourceQuality "1"]

1. Nf3 Nf6 2. d4 d6 3. g3 g6 4. Bg2 Bg7 5. 0-0 0-0 6. Re1 Nbd7 7. e4 e5 8. d5 h6 9. Nbd2 Ne8 10. Rb1 f5 11. exf5 gxf5 12. Nf1 Nb6 13. b3 f4 14. gxf4 exf4 15. c4 Bf5 16. Rb2 Bxb2 17. Bxb2 Kh7 18. Nd4 Ng7 19. Nxf5 Nxf5 20. Qd3 Qg5 21. h4 Qxh4 22. Nh2 Rf7 23. Nf3 Qg4 24. Kf1 Rg8 25. Bh1 Qh3+ 26. Ke2 Re8+ 27. Kd2 Rxe1 28. Ng5+ hxg5 29. Qxh3+ Kg6 30. Kxe1 Re7+ 31. Kd2 Nd7 32. Qd3 Nc5 33. Qc2 g4 34. b4 f3 35. Qd1 Ne4+ 36. Kc2 Nxf2 37. Qg1 Re2+ 38. Kb3 Kf7 39. Bxf3 Re3+ 40. Ka4 Rxf3 41. Qh2 Nh3 42. c5 Rf2 43. Qh1 Rxb2 44. Qe4 Kf6 45. Qxg4 Ng5 46. cxd6 cxd6 47. a3 Rd2 48. Qc4 b6 49. Qc7 Rxd5 50. Qxa7 b5+ 51. Ka5 Ne7 52. Qa8 Ne6 53. Qh8+ Kf7 54. Qh1 Ke8 55. a4 Nc7 56. Kb6 Kd7 57. a5 Rf5 58. a6 Rf8 59. Qh3+ Nf5 60. a7 Na8+ 61. Kb7 Nc7 62. Qh7+ Ne7 63. Qh3+ Nf5 64. Qf3 d5 1-0